000 00663nam a2200205Ia 4500
005 20260121110347.0
008 008 260114s9999 xx 000 0 hin d
020 _a9788132301325
037 _aEBOOK
040 _aCRL
_bhin
_cCRL
041 _ahin
_2hin
084 _qCRL
100 _aगोविन्द कुमार / Ayush Mishra
_9945223
245 0 _aध्यान से चिंता निवारण / Dhyan se chinta nivaran
260 _bभाषा प्रकाशन / Bhasha Prakashan
_c2020
856 _uhttps://bhashaprakashan.com/product-details/377798
942 _cEBOOK
999 _c1536887
_d1536887